Nadnárodní harmonizace účetnictví
Význam Koncepčného rámca Medzinárodných účtovných štandardov (IAS) pre rozvoj českého účtovníctva. Základná charakteristika Koncepčného rámca: cieľ, kvalitatívne vlastnosti a základné prvky účtovnej závierky, oceňovanie základných prvkov účtovnej závierky. Chápanie kapitálu a jeho uchovanie. Ďalší v...
Salvato in:
| Autore principale: | |
|---|---|
| Altri autori: | |
| Natura: | Capitolo di libro |
| Lingua: | ceco |
| Soggetti: | |
| Tags: |
Nessun Tag, puoi essere il primo ad aggiungerne!!
|
MARC
| LEADER | 00000naa a2200000 4500 | ||
|---|---|---|---|
| 001 | r042389 | ||
| 005 | 20240411081201.1 | ||
| 041 | 0 | |a cze | |
| 044 | |a CZ | ||
| 245 | 1 | 0 | |a Nadnárodní harmonizace účetnictví |c Bohumil Král, Stanislav Svoboda |
| 520 | |a Význam Koncepčného rámca Medzinárodných účtovných štandardov (IAS) pre rozvoj českého účtovníctva. Základná charakteristika Koncepčného rámca: cieľ, kvalitatívne vlastnosti a základné prvky účtovnej závierky, oceňovanie základných prvkov účtovnej závierky. Chápanie kapitálu a jeho uchovanie. Ďalší vývoj účtovníctva v ČR. | ||
| 610 | 2 | 0 | |a účtovníctvo |
| 610 | 2 | 0 | |a štandardy |
| 610 | 2 | 0 | |a IAS |
| 610 | 2 | 0 | |a IASC |
| 610 | 2 | 0 | |a 2001 |
| 610 | 2 | 0 | |a závierka účtovná |
| 610 | 2 | 0 | |a Česko |
| 100 | 1 | |a Král, Bohumil | |
| 700 | 1 | |a Svoboda, Stanislav | |